Návrh racionalizácie systému odbytovej logistiky vo Veľkopeku, a.s. Piešťany = The suggestion of the rationalization of the system in the sale logistics of Veľkopek, a.s., Piešťany : Diplomová práca

Guardado en:
Detalles Bibliográficos
Autor principal: Sokolovič, Pavol (Autor)
Otros Autores: Glos, František, 1951- (xxx)
Formato: Manuscrito Libro
Lenguaje:eslovaco
Publicado: Trnava : STU v Bratislave MtF KPIM, 2007
Materias:
Etiquetas: Agregar Etiqueta
Sin Etiquetas, Sea el primero en etiquetar este registro!

MARC

LEADER 00000ntm a22000003a 4500
001 stu145166
005 20160719155734.0
008 070910s2007----xo------------------slo-d
040 |a STU  |b slo 
041 0 |a slo 
044 |a xo 
100 1 |a Sokolovič, Pavol  |4 aut 
245 1 |a Návrh racionalizácie systému odbytovej logistiky vo Veľkopeku, a.s. Piešťany = The suggestion of the rationalization of the system in the sale logistics of Veľkopek, a.s., Piešťany :  |b Diplomová práca 
260 |a Trnava :  |b STU v Bratislave MtF KPIM,  |c 2007 
300 |a 92 s  |c príl., 1 CD-ROM 
500 |a Program: priemyselné manažérstvo 
650 7 |a logistika  |2 stusub 
700 1 |a Glos, František,  |d 1951-  |4 xxx  |u M190  |U MTF Materiálovotechnologická fakulta  |T MTF Katedra priemyselného inžinierstva a manažmentu  |X 3615  |U M190  |Y 167  |7 A000003615 
996 |b 284M065888  |c M*DP-6907  |l MMSKP  |s P  |a 0  |w stu145166_0001